| 000 | 02287nam0a2200373 4500 | ||
|---|---|---|---|
| 001 | RU\NLR\BIBL_A\012540104 | ||
| 005 | 20211117142133.0 | ||
| 010 |
_a978-5-907310-36-0 _9150 |
||
| 021 |
_aRU _bКН-П-21-004190 _9КН-П-21-0320 |
||
| 035 | _a(NLR Aleph) 012540104 | ||
| 035 | _a(RuMoRGB)010560441 | ||
| 090 |
_a12397831 _c12397831 |
||
| 100 | _a20210608d2020 k y0rusy50 ca | ||
| 101 | 0 |
_arus _deng |
|
| 102 | _aRU | ||
| 105 | _a |||z|||100zy | ||
| 181 | 0 |
_ai3 _baxxe |
|
| 182 | 0 | _an | |
| 200 | 1 |
_aБиологическое разнообразие: изучение, сохранение, восстановление, рациональное использование _eматериалы II Международной научно-практической конференции, Керчь, 27-30 мая 2020 г. _fФГБОУ ВО "Керченский государственный морской технологический университет" (кафедра водных биоресурсов и марикультуры) [и др.] |
|
| 203 |
_aТекст _bвизуальный _cнепосредственный |
||
| 210 |
_aСимферополь _cАриал _d2020 |
||
| 215 |
_a651, [1] с. _cил., табл. _d21 |
||
| 300 | _aРез. англ. | ||
| 320 | _aБиблиогр. в конце ст. | ||
| 606 | 1 |
_aБиоразнообразие _jСъезды, совещания и т.п _92588905 _3RU\NLR\AUTH\661530055 |
|
| 686 | 1 | _aЕ081.81я431(0) | |
| 711 | 1 | 2 |
_a"Биологическое разнообразие: изучение, сохранение, восстановление, рациональное использование", международная научно-практическая конференция _d2 _eКерчь _f2020 _9777063 _3RU\NLR\AUTH\880555132 |
| 712 | 0 | 2 |
_4570 _aКерченский государственный морской технологический университет _bКафедра водных биоресурсов и марикультуры _9648934 _3RU\NLR\AUTH\880494506 |
| 942 | _cBOOK | ||
| 980 | _aNBR | ||
| 980 | _aNB | ||